000 00447nam a22001817a 4500
003 LK-CoMWRAF
005 20230908095040.0
008 230908b2005 |||||||| |||| 00| 0 eng d
020 _a9558415219
040 _aLK-CoMWRAF
_dLK-CoMWRAF
_eLK-CoMWRAF
041 _aeng
082 _a155.4
_bHOL
100 _aHolt, John
245 _aHow children fail
260 _aMiddlesex :
_bPenguin books,
_c1969
650 _aChild Development
942 _cBK
999 _c3473
_d3473